000 00913 a2200241 4500
001 116987
020 _a9780152024499
020 _qbroch.
041 _aeng
082 _aP Year 4 398
100 _aMcDermott, Gerald.
250 _a1st Voyager Books ed.
300 _a[32] p.
520 _aRaven, the trickster, wants to give people the gift of light. But can he find out where Sky Chief keeps it? And if he does, will he be able to escape without being discovered? His dream seems impossible, but if anyone can find a way to bring light to the world, wise and clever Raven can!
697 _aFolklore - Pacific Northwest
697 _aRavens - Folklore.
856 _u000027/000027ba.webp
040 _aBR-BrIDEA
_cBR-BrIDEA
090 _aP Year 4 398
_bMCD
245 1 0 _aRaven
_ba trickster tale from the Pacific Northwest
_c Gerald McDermott
260 _aOrlando
_bHarcourt
_c2001
942 _cBK
999 _c116987
_d116987